MARC

LEADER 00000nam0a2200000 4500
001 26394
005 20231030201602.0
035 |a (RuTPU)RU\TPU\book\26637 
035 |a BOOK00026712 
090 |a 26394 
100 |a 20011209d1993 k y0rusy50 ca 
101 0 |a rus 
102 |a RU 
105 |a y z 000zy 
200 1 |a Исследование операций  |e Модели, системы, решения  |f Российская академия наук (РАН), Вычислительный центр 
210 |a Москва  |c РАН ВЦ  |d 1993 
215 |a 92 с. 
610 1 |a математика 
610 1 |a операции 
610 1 |a исследования 
610 1 |a оптимизация 
610 1 |a принятие решений 
610 1 |a векторные функции 
610 1 |a линейное программирование 
675 |a 519.8  |v 3 
712 0 2 |a Российская академия наук (РАН)  |b Вычислительный центр  |2 stltpush  |3 (RuTPU)RU\TPU\col\12845 
801 0 |a RU  |b 63413507  |c 20011209  |g PSBO 
801 2 |a RU  |b 63413507  |c 20180413  |g PSBO 
942 |c BK